00241nam a22000857a 4500008004100000082001700041245008100058300000800139440000800147230627b xxu||||| |||| 00| 0 eng d a338.479bNEL aThe Evolution and Impacts of Community-based Ecotourism in Northern Tanzania a40p n131